Katy Perry - Paroles Birthday - Statistiques

Statistiques générales
  • Ce quiz a été pris 6 fois
  • Le résultat moyen est 353 sur 377
Statistiques - réponses
Hint Réponse % Correct
a
100%
(a
100%
and
100%
be
100%
be)
100%
birthday
100%
cake
100%
can
100%
celebrate
100%
dance,
100%
everyday
100%
get
100%
gift
100%
gift)
100%
girl
100%
give
100%
Give
100%
gonna
100%
good
100%
have
100%
Couplet 1 I
100%
If
100%
if
100%
I'll
100%
(I'll
100%
I'm
100%
is
100%
it
100%
It's
100%
know
100%
let
100%
life,
100%
like
100%
Make
100%
make
100%
make)
100%
me
100%
out
100%
party
100%
So
100%
(so
100%
something
100%
that
100%
The
100%
the
100%
time
100%
to
100%
wanna
100%
want
100%
when
100%
wish
100%
wish)
100%
with
100%
you
100%
You
100%
your
100%
(your
100%
all
83%
All
83%
Refrain Boy,
83%
bring
83%
by?
83%
call
83%
confetti,
83%
cover
83%
eyes,
83%
Bridge | Outro Happy
83%
heard
83%
in
83%
night
83%
night,
83%
of
83%
running
83%
should
83%
surprise
83%
sweet
83%
taste
83%
we
83%
you're
83%
You're
83%
ball
67%
balloons
67%
big
67%
big,
67%
clock
67%
dawn
67%
disco
67%
doing
67%
don't
67%
feeling
67%
going
67%
healthy
67%
heavy
67%
hope
67%
hot
67%
living
67%
never
67%
Couplet 2 Pop
67%
pop
67%
right
67%
spinning
67%
stop
67%
suit
67%
'til
67%
Pré-refrain We're
67%
we're
67%
Why
67%
appetite
50%
got
50%
Pérignon
50%
playing
50%
song
50%
they're
50%
ticking,
50%
unsatisfied
50%
nothing's
33%
Aucun quiz correspondant
Distribution des résultats
% des personnes avec chaque résultat
Percentile par nombre de réponses
Votre historique - résultats
Vous n’avez pas pris ce quiz